000 00380 a2200121 4500
001 ART_46745
005 20260410161926.0
008 260409a
245 1 0 _aEquilibrium Unemployment as a Worker Discipline Devic
100 1 _aShapiro, Carl
700 1 _aStiglitz, Joseph E.
773 0 _tThe American Economic Review
_g- Vol. 74, NÂș 3 (jun. 1984)
_wREV16190
999 _c28158
_d28158